| 000 | 00375nam a22001457a 4500 | ||
|---|---|---|---|
| 020 | _a9781439844960 | ||
| 082 |
_a664.024 _bCHE/SO |
||
| 245 | _aSolid State Fermentation for Foods and Beverages | ||
| 260 |
_aLondon _bCRC Press _c2014 |
||
| 300 | _a391 | ||
| 490 | _aFermented Foods and Beverages Series | ||
| 700 |
_aChen,Jain _9532 |
||
| 700 |
_aZhu,Yang _9533 |
||
| 942 | _cBK | ||
| 999 |
_c14354 _d14354 |
||